| 000 | 00478 a2200169 4500 | ||
|---|---|---|---|
| 999 |
_c354 _d354 |
||
| 008 | 221027b ||||| |||| 00| 0 eng d | ||
| 020 | _a9788175546004 | ||
| 040 | _beng | ||
| 082 | 0 | 0 |
_a388 _bC6891 |
| 100 | _aCole, Stuart | ||
| 245 |
_aApplied transport economics: policy management and decision making / _cStuart Cole |
||
| 250 | _a3rd ed. | ||
| 260 |
_aNew Delhi: _bKoganpage India Pvt.Ltd., _c2010. |
||
| 300 | _axiv, 449 p. | ||
| 650 | 0 | _aTransportation | |
| 942 |
_2ddc _cBK |
||